000 00558nam a2200193Ia 4500
003 GCL
008 140319s9999 xx 000 0 ara d
040 _aGCL /
_cGCL
082 0 4 _a349.607
_bم ا
100 1 _aمحمد احمد الزرقا
245 1 0 _aاحكام صكوك الاستثمار /
_cمحمد احمد الزرقا
260 _a[S.N] :
_bالمجالس ،
_c1991
300 _a175 ص
490 _a
650 0 4 _aالقانون
650 0 4 _aالقانون المقارن
650 0 4 _aالقانون التجارى
942 _2ddc
_cBK
999 _c53927
_d53927